00159nam a2200073Ia 4500008004100000041000800041245002700049260000900076250129s9999 xx 000 0 und d aeng aCurrent Labour Reports c2023